| 000 | 01319nam a22003617a 4500 | ||
|---|---|---|---|
| 003 | CHAP | ||
| 005 | 20220329142819.0 | ||
| 008 | 040315d1999 cr abd r 00110 spa d | ||
| 010 | _a88174 | ||
| 011 | _a89146 | ||
| 035 | _a99695 | ||
| 040 | _cCHAP | ||
| 082 | 0 | 4 |
_a378 _bU75 |
| 110 | 2 |
_aUniversidad Estatal a Distancia. Costa Rica _9116466 |
|
| 245 | 1 | 0 |
_aInformación general 2000 _c/por Subcomisión de Producción de Materiales del Sobre de Admisión y Matrícula |
| 260 |
_aSan José, Costa Rica : _bCentro de Información, Documentación y Recursos Bibliográficos, _c1999 |
||
| 300 |
_a123 p. : _bilus. ; mapa ; cuadros |
||
| 500 | _aFotocopia | ||
| 590 |
_aBATCH-UPD _b10 _c20130110 _lUCH01 _h0806 |
||
| 590 |
_aBATCH-UPD _b10 _c20130410 _lUCH01 _h0444 |
||
| 590 |
_aBATCH-UPD _b10 _c20130914 _lUCH01 _h1239 |
||
| 590 |
_aCONVERSION _b10 _c20130109 _lUCH01 _h1349 |
||
| 650 | 1 | 4 |
_aEducación a distancia. _935488 |
| 650 | 1 | 4 |
_aEducación superior _xCosta Rica. _935618 |
| 650 | 1 | 4 |
_aEducación superior _xPlanes de estudio. _935650 |
| 650 | 1 | 4 |
_aProgramas de capacitación. _992376 |
| 650 | 1 | 4 |
_aUniversidades _xCosta Rica. _9116614 |
| 901 | _aBK | ||
| 905 | _aMarco A. Memdoza T. | ||
| 911 | _aCustodia | ||
| 942 | _cLIBRO | ||
| 949 |
_a378 U75 _bBC _cLIBRO _d33724002056108 _eLIBRO _gFotocopia _h104512 _i99695 _sb |
||
| 999 |
_c88174 _d88174 |
||